Fórum Társadalomtudományi Szemle

Gespeichert in:
Bibliographische Detailangaben
Format: Schriftenreihe
Sprache:Ungarisch
Slowakisch
Veröffentlicht: Šamorín Fórum inštitút pre výskum menšín
Tags: Tag hinzufügen
Keine Tags, Fügen Sie das erste Tag hinzu!

MARC

LEADER 00000nas1a2200000 4500
001 0270813
005 20230315102255.3
022 |a 1335-4361 
041 0 |a hun 
041 0 |a slo 
044 |a SK 
245 1 0 |a Fórum Társadalomtudományi Szemle 
264 1 |a Šamorín  |b Fórum inštitút pre výskum menšín